00489nam a2200145Ia 4500008004100000020001800041041000800059082001900067100003300086245013100119250000600250260003900256300000800295650004000303210716s2011 xx 000 0 und d a9788170369219 aeng a658.31243 LYNR aLynton, Rolf P;Pareek, Udai. aTraining for organizational transformation: for trainers consultants and principals.bFor trainers consultants and principals. a1 aNew DelhibSage Publicationsc2011 a413 aOrganizational Development & Change